Những thành tựu phát minh mới nhất trong khoa học kỹ thuật thế kỷ XX /
Na minha lista:
| Autor principal: | |
|---|---|
| Outros Autores: | , |
| Formato: | Livro |
| Idioma: | Vietnamese Chinese |
| Publicado em: |
Hà Nội :
Nxb Hà Nội,
2003.
|
| Assuntos: | |
| Tags: |
Adicionar Tag
Sem tags, seja o primeiro a adicionar uma tag!
|
| Thư viện lưu trữ: | Mạng thư viện Đại học Đà Nẵng |
|---|
| LEADER | 01542cam a2200385 a 4500 | ||
|---|---|---|---|
| 001 | 000043896 | ||
| 003 | 2017 | ||
| 005 | 20070424153420.0 | ||
| 008 | 010217b2003 vm 000 vie | ||
| 020 | |c 35500 | ||
| 040 | |a LIRC |c LIRC |d LIRC | ||
| 041 | 1 | |a vie |h chi | |
| 082 | 1 | 4 | |a 608 |b TR-B |
| 100 | 1 | |a Trần Thuật Bành, |e chủ biên. | |
| 245 | 1 | 6 | |a Những thành tựu phát minh mới nhất trong khoa học kỹ thuật thế kỷ XX / |c chủ biên : Trần Thuật Bành, Trần Thiện Dư ; biên dịch : Nguyễn Hồng Lân. |
| 260 | |a Hà Nội : |b Nxb Hà Nội, |c 2003. | ||
| 300 | |a 296 tr. : |b mh. ; |c 20,5 cm. | ||
| 500 | |a Dịch từ nguyên bản tiếng Trung Quốc - Ke Xue Qi Pa, nhà xuất bản thiếu niên nhi đồng Hắc Long Giang - tháng 03-2002. | ||
| 630 | 0 | 4 | |a Khoa học kỹ thuật. |
| 650 | 0 | 4 | |a Phát minh |x Khoa học kỹ thuật |y Thế kỷ XX. |
| 650 | 0 | 4 | |a Khoa học kỹ thuật |y Thế kỷ XX. |
| 700 | 1 | |a Trần Thiện Dư, |e chủ biên. | |
| 700 | 1 | |a Nguyễn Hồng Lân, |e dịch. | |
| OWN | |a DUT | ||
| AVA | |a UDN50 |b DUT |c Book |d 608 TR-B |e available |t Error 5001 Not defined in file expand_doc_bib_avail. |f 3 |g 0 |h N |i 3 |j SH |k 1 | ||
| 999 | |a From the UDN01 | ||
| AVA | |a UDN50 |b DUT |c Book |d 608 TR-B |e available |t Error 5001 Not defined in file expand_doc_bib_avail. |f 3 |g 0 |h N |i 3 |j SH |k 1 | ||
| TYP | |a Monograph | ||
| TYP | |a Printed language | ||
| 980 | |a Mạng thư viện Đại học Đà Nẵng | ||